000 00786nam a2200193 i 4500
001 159308
003 ES-MaACL
005 20230906211534.0
008 981002s1887 sp af |||| | spa d
100 1 _aMélida y Alinari, José Ramón,
_d1856-1933
_979969
245 1 0 _aHistoria del casco
_b: (apuntes arqueológicos) /
_cpor José Ramón Mélida.
260 _aMadrid :
_b[s.n.],
_c1887 (
_fEstab. Tip. Sucesores de Rivadeneyra)
300 _a51 p., [1] h. de lám. :
_bil. ;
_c21 cm.
599 _aLa h. de lam. es fototipia : "J. Laurent y Cª. Madrid"
599 _aLas il. son 59 xilografías.
650 4 _aArmaduras-
_vHistoria.
_9135601
852 _aES-MaACL
_jT-585-F-1
_z- Enc. hol., conservando cub. original
_z- Enc. en un vol. facticio
999 _c159308
_d159308